000 00662nam a2200217 u 4500
005 20240411063750.0
008 150511s2012 mx r 000 0 spa d
020 _a9786070304118
035 _aUPN01000203351
049 _aI
050 4 _aHM101
_bL3.5
100 1 _aLabastida, Jaime,
_d1939-
_928849
245 1 0 _aMéxico, diverso y plural :
_bcultura y lenguas /
_cJaime Labastida ; il. Felipe de la Torre.
260 _aMéxico :
_bSiglo XXI,
_c2012.
300 _a[44] p. :
_bil. col.
650 4 _aCultura
_zMéxico
_911507
651 4 _aMéxico
_xHistoria
_94558
650 4 _aLibros y lectura para niños
_92290
905 _aInfantil
999 _c175452
_d175452